000 00768cam a2200253 a 4500
001 000019521
005 20200929170038.0
008 810910s1960 sp 001 f spa d
040 _aDO-SdBNP
_cCarP
_dDLC
_dBNPHU
082 _a863.62
_bL579c, 1960
100 1 _aLeón, Ricardo,
_d1877-1943.
_941659
245 1 0 _aCasta de hidalgos /
_cRicardo León.
250 _a3a ed.
260 _aMadrid :
_bEspasa-Calpe,
_c1960.
300 _a230 p. ;
_c18 cm.
490 1 _aAustral. Azul: novelas y cuentos
_v481
500 _aIncluye índice de autores
650 4 _aNovela española
_91123
650 4 _aLiteratura española
_9632
830 0 _aAustral.
_pAzul: novelas y cuentos
_v481
_941554
910 _aCatalogación derivada / LC
910 _aWM
049 _aBNGR
999 _c19037
_d19037